Thin film materials and devices - developments in science and technology : (Record no. 600085)
[ view plain ]
| 000 -LEADER | |
|---|---|
| fixed length control field | 00301nam a2200097Ia 4500 |
| 008 - FIXED-LENGTH DATA ELEMENTS--GENERAL INFORMATION | |
| fixed length control field | 230907s9999||||xx |||||||||||||| ||und|| |
| 082 ## - DEWEY DECIMAL CLASSIFICATION NUMBER | |
| Classification number | 530.4 |
| Author Mark | THI |
| 245 #0 - TITLE STATEMENT | |
| Title | Thin film materials and devices - developments in science and technology : |
| 260 ## - PUBLICATION, DISTRIBUTION, ETC. | |
| Place of publication, distribution, etc. | World Scientific, |
| Name of publisher, distributor, etc. | New Jersey : |
| Date of publication, distribution, etc. | 1999 |
| 942 ## - ADDED ENTRY ELEMENTS (KOHA) | |
| Koha item type | Book |
| Withdrawn status | Lost status | Damaged status | Not for loan | Permanent Location | Current Location | Date acquired | Total Checkouts | Full call number | Barcode | Date last seen | Price effective from | Koha item type |
|---|---|---|---|---|---|---|---|---|---|---|---|---|
| US-Pakistan Center for Advanced Studies in Energy (USPCAS-E) | US-Pakistan Center for Advanced Studies in Energy (USPCAS-E) | 09/25/2019 | 530.4 THI | CAS-E0004184 | 09/12/2023 | 09/12/2023 | Book |
